Corrosion /
Guardado en:
| Otros Autores: | |
|---|---|
| Formato: | Libro |
| Idioma: | English |
| Publicado: |
London :
Newnes-Butterworths,
1976.
|
| Edición: | 2nd ed. |
| Materias: | |
| Etiquetas: |
Agregar Etiqueta
Sin Etiquetas, Sea el primero en etiquetar este registro!
|
| LEADER | 01039nam a22002775a 4500 | ||
|---|---|---|---|
| 001 | EIQ.libpla001743 | ||
| 008 | 760910s1976####enka#####b####001#0#eng#d | ||
| 005 | 20061218153020.0 | ||
| 245 | 0 | 0 | |a Corrosion / |c edited by L. L. Shreir. |
| 250 | |a 2nd ed. | ||
| 260 | |a London : |b Newnes-Butterworths, |c 1976. | ||
| 300 | |a 2 v. : |b il. ; |c 24 cm. | ||
| 504 | |a Incluye referencias bibliográficas e índice. | ||
| 505 | 0 | |a v. 1. Metal/environment reactions. -- v. 2. Corrosion control. | |
| 020 | |a 0408001097 (v. 1) | ||
| 020 | |a 0408002670 (volume set) | ||
| 700 | 1 | |a Shreir, L. L., |e ed. |4 edt | |
| 082 | 0 | 0 | |a 620.1/6/23 |
| 650 | 4 | |a Corrosión y anti-corrosivos |x Metales. | |
| 650 | 4 | |a Corrosión y anti-corrosivos |x Control. | |
| 650 | 4 | |a Corrosion and anti-corrosives |x Control. | |
| 650 | 4 | |a Corrosion and anti-corrosives |x Metals. | |
| 010 | |a 76367236 | ||
| 040 | |a DLC |c DLC |d AR-BbSID | ||
| 859 | |a AR-BbSID |b BIB. PLAPIQUI |h 620.112 23 |i C 94 |k R |p 720 |v Vol. 1 |3 Vol. 1 | ||
| 859 | |a AR-BbSID |b BIB. PLAPIQUI |h 620.112 23 |i C 94 |k R |p 721 |v Vol. 2 |3 Vol. 2 | ||
